O livro das adivinhas (Registo nº 763)

Detalhes MARC
000 -Etiqueta do registo
Cabeçalho 00860nam0a2200289 4500
005 - Identificador da versão
Campo de controlo 20240813121814.0
010 ## - Número internacional normalizado dos livros (ISBN)
Número (ISBN) 9789895573301
021 ## - Número do Depósito Legal
Código do país PT
Número 246 649/06
100 ## - Dados gerais de processamento
Dados gerais de processamento 20150708d2007 a e0pory5003 ba
102 ## - Pais de publicação ou produção
País de publicação Portugal
101 0# - Língua de publicação
Língua do texto, banda sonora, etc. Português
215 ## - Descrição física 
Indicação específica da natureza do documento e extensão da espécie 1 vol.
Outras indicações físicas il. color
200 1# - Titulo e menção de responsabilidade
Título próprio O livro das adivinhas
Primeira menção de responsabilidade António Mota
Outras menções de responsabilidade il. por Elsa Fernandes
225 2# - Colecção 
Título próprio da colecção Obras de António Mota
Indicação de volume 15
205 ## - Menção da edição
Menção da edição 7ª ed.
210 ## - Publicação, Distribuição, etc. 
Lugar da edição, distribuição, etc. Vila Nova de Gaia
Nome do editor, distribuidor, etc. Gailivro
Data da publicação, distribuição, etc. 2007
300 ## - Notas gerais 
Texto da nota Plano Nacional de Leitura
606 ## - Nome comum usado como assunto
Número de registo de entrada de autoridade 0002338
Palavra de ordem Literatura portuguesa
Subdivisão de assunto Adivinhas
Código do sistema CA
675 ## - Classificação Decimal Universal (CDU)
Notação 398.6
Edição 3ª ed.
Língua da edição por
Notação 821.134.3-7
Edição 3ª ed.
Língua da edição por
702 #1 - Nome de autor-pessoa física (responsabilidade secundária)
Número de registo de entrada de autoridade 0002341
Palavra de ordem Fernandes
Outra parte do nome não tomada para palavra de ordem Elsa
Código de função Ilustrador / Técnico de desenho computorizado
700 #1 - Nome de autor-pessoa física (responsabilidade principal)
Número de registo de entrada de autoridade 0001292
Palavra de ordem Mota
Outra parte do nome não tomada para palavra de ordem António
Datas 1957-
966 ## - Identificação da Biblioteca
Sigla EB2,3ENM
942 ## - Elementos de entrada adicionados (Koha)
Tipo de item no Koha Livro
Exemplares
Situação do levantamento Origin of item (home branch) (coded) Biblioteca de empréstimo Código de barras Cota Circulation type (not for loan) Tipo de documento Nota do exemplar Damaged status
  Biblioteca Escolar Eng. Nuno Mergulhão Biblioteca Escolar Eng. Nuno Mergulhão BENM1451 82LP-7 MOT PNL   Livro Sem mensagem  
  Biblioteca Escolar Eng. Nuno Mergulhão Biblioteca Escolar Eng. Nuno Mergulhão BENM1452 82LP-7 MOT PNL   Livro Sem mensagem  
  Biblioteca Escolar Eng. Nuno Mergulhão Biblioteca Escolar Eng. Nuno Mergulhão BENM1453 82LP-7 MOT PNL   Livro Sem mensagem  
  Biblioteca Escolar Eng. Nuno Mergulhão Biblioteca Escolar Eng. Nuno Mergulhão BENM1454 82LP-7 MOT PNL   Livro Sem mensagem  
  Biblioteca Escolar Eng. Nuno Mergulhão Biblioteca Escolar Eng. Nuno Mergulhão BENM1455 82LP-7 MOT PNL   Livro Sem mensagem  
  Biblioteca Escolar Eng. Nuno Mergulhão Biblioteca Escolar Eng. Nuno Mergulhão BENM1457 82LP-7 MOT PNL   Livro Sem mensagem  
  Biblioteca Escolar Eng. Nuno Mergulhão Biblioteca Escolar Eng. Nuno Mergulhão BENM1459 82LP-7 MOT PNL   Livro Sem mensagem  
  Biblioteca Escolar Eng. Nuno Mergulhão Biblioteca Escolar Eng. Nuno Mergulhão BENM1460 82LP-7 MOT PNL   Livro Sem mensagem  
  Biblioteca Escolar Eng. Nuno Mergulhão Biblioteca Escolar Eng. Nuno Mergulhão BENM1461 82LP-7 MOT PNL   Livro Sem mensagem  
  Biblioteca Escolar Eng. Nuno Mergulhão Biblioteca Escolar Eng. Nuno Mergulhão BENM1462 82LP-7 MOT PNL   Livro Sem mensagem  
  Biblioteca Escolar Eng. Nuno Mergulhão Biblioteca Escolar Eng. Nuno Mergulhão BENM1456 82LP-7 MOT PNL   Livro Sem mensagem